. . . And thy neighbor. (Record no. 6316)

000 -LEADER
fixed length control field 00486nam a2200169 a 4500
001 - CONTROL NUMBER
control field :::00004061$&:&@@
003 - CONTROL NUMBER IDENTIFIER
control field OkBaRHE
005 - DATE AND TIME OF LATEST TRANSACTION
control field 20100331132552.0
008 - FIXED-LENGTH DATA ELEMENTS--GENERAL INFORMATION
fixed length control field s1967 j 000 0 eng u
040 ## - CATALOGING SOURCE
Transcribing agency
100 1# - MAIN ENTRY--PERSONAL NAME
Personal name Shoemaker, Sam
245 16 - TITLE STATEMENT
Title . . . And thy neighbor.
260 ## - PUBLICATION, DISTRIBUTION, ETC. (IMPRINT)
Place of publication, distribution, etc Waco, Texas
Name of publisher, distributor, etc Word Books
Date of publication, distribution, etc 1967
300 ## - PHYSICAL DESCRIPTION
Extent 200 p. ;
Dimensions 21 cm.
942 ## - ADDED ENTRY ELEMENTS (KOHA)
Source of classification or shelving scheme
Koha item type Books
Copies
Damaged status Date acquired Koha item type Price effective from Lost status Permanent Location Withdrawn status Shelving location Full call number Date last seen Copy number Barcode Source of classification or shelving scheme Not for loan
 2010-04-14Books2010-04-14 RHEMA Bible Training College General StacksBX 5937 .S45 A52010-04-1414061